00781nam a22002297a 450000100090000000300090000900500170001800700090003500800300004402000150007404000260008904100130011508200260012810000220015424000360017624501370021226000320034930000220038150000780040365000360048170000340051700002416DO-SdBPM20250521132730.000002416160524b 2001 cl 00| 0 spa d a0789909480 a DO-SdBPMbspacBPMSU17aspaheng a241.2bW686o 20012221 aWilkinson, Bruce 10aThe prayer of Jabez.lEspañol10aLa oración de Jabes :bcómo entrar a una vida de benedición /cBruce H. Wilkinson ; traducido al español por, Pablo Barreto. aColombia : bUnilit,c2001. a94 p. ; c17 cm.  aOriginalmente publicado en inglés con el título: The prayer of Jabez  4a Religión xVida espiritual 1 aBarreto, Pablo, e traductor